Carry On (now and again!) - Statistics

General Stats
  • This quiz has been taken 20 times
  • The average score is 8 of 14
Answer Stats
Clue Answer % Correct
Played Pike in Dad's Army, was in Behind. IL Ian Lavender
100%
Much missed comedian and presenter, Family Fortunes et al. Was in Sergeant. BM Bob Monkhouse
82%
Played a driver, in England, also known as Mike Baldwin. JB Johnny Briggs
82%
Record Breakers? Appeared in Up The Khyber. RC Roy Castle
82%
Wife of, now deceased, John Thaw, appeared in Cleo.SH Sheila Hancock
76%
Miss Brahms from BBCs AYBS, appeared in Girls and Matron. WR Wendy Richard
71%
The male lead, in ITVs Fresh, and French Fields, was in Cruising and Jack. AR Anton Rodgers
53%
Much loved actress, now deceased, was in Metal Mickey on ITV, but also appeared in Nurse and Constable. IH Irene Handl
53%
Was in Corrie as Reg's wife, waa in Behind. SH Sherrie Hewson
53%
Known for being Eddie Yates in Corrie, was in Convenience. GH Geoffrey Hughes
47%
Seen in BBC sitcom, In Sickness and in Health, was in Cleo. WM. Warren Mitchell
47%
Appeared in Regardless and Jack. Lead in the sitcom, Father dear Father. PG Patrick Cargill
29%
Famous for playing Paul in the 'Doctor' sitcoms, also appeared in BBC TVs Sunburn. Was in Behind. GL George Layton
24%
Famous for acting (and later on for being drunk!) on TV loads, in the 70s. Was in Emmanuelle. BR. Beryl Reid
12%
No matching quizzes found
Score Distribution
Percent of People with Each Score
Percentile by Number Answered
Your Score History
You have not taken this quiz